The world around me : (Record no. 114479)
[ view plain ]
| 000 -LEADER | |
|---|---|
| fixed length control field | 00395nam a2200121 a 4500 |
| 005 - DATE AND TIME OF LATEST TRANSACTION | |
| control field | 20140414132102.0 |
| 008 - FIXED-LENGTH DATA ELEMENTS--GENERAL INFORMATION | |
| fixed length control field | 100702s19uu xx 00 eng d |
| 050 ## - LIBRARY OF CONGRESS CALL NUMBER | |
| Classification number | TR 372.52 |
| Item number | F199 2004 |
| 100 ## - MAIN ENTRY--PERSONAL NAME | |
| Personal name | Fanthome, Dorothy |
| 245 ## - TITLE STATEMENT | |
| Title | The world around me : |
| Remainder of title | Read colour and learn / |
| Statement of responsibility, etc | Dorothy Fanthome; illustrations by Neetika Tandon. |
| 260 ## - PUBLICATION, DISTRIBUTION, ETC. (IMPRINT) | |
| Place of publication, distribution, etc | New York : |
| Name of publisher, distributor, etc | Scholastic, |
| Date of publication, distribution, etc | 2004. |
| Withdrawn status | Lost status | Damaged status | Home library | Current library | Shelving location | Date acquired | Source of acquisition | Total Checkouts | Full call number | Barcode | Date last seen | Price effective from | Koha item type |
|---|---|---|---|---|---|---|---|---|---|---|---|---|---|
| Munich Library | Munich Library | Teachers Reference Section | 07/02/2010 | TR 372.52 F199 2004 | M6321 | 04/14/2014 | 04/14/2014 | Books |